QCM Culture Générale Paris - Statistiques

Statistiques générales
  • Ce quiz a été pris 250 fois
  • Le résultat moyen est 6 sur 10
Statistiques - réponses
Question Réponse % Correct
Nom du ou de la maire actuelle ? Anne Hidalgo
95%
Quel domaine les Accords de Paris de 2015 concerne-t-il ? Le climat
91%
Quel était le nom de la ville de Paris jusqu'au Vème siècle ? Lutetia
85%
Quand la construction de la Tour Eiffel a-t-elle été achevée ? 1889
77%
Quel est le site culturel le plus visité ? Le Musée du Louvre
68%
Quel est le nombre d'habitants à Paris en 2023 ? 2,1 millions
51%
Quelle est la ligne de métro la plus fréquentée ? La ligne 1
38%
Quel est le prix moyen d'un café à Paris ? 2,72
22%
Une séquence du film "Inception", de Christopher Nolan, y a été tournée Université Panthéon-Sorbonne
20%
En quelle année Paris est-elle devenue la capitale de la France ? 1944
15%
Aucun quiz correspondant
Distribution des résultats
% des personnes avec chaque résultat
Percentile par nombre de réponses
Votre historique - résultats
Vous n’avez pas pris ce quiz